000 00601nam a22001817a 4500
005 20180511155246.0
010 _aENG-123010
020 _a9789380409672
_c300.00
035 _aEN-106542
037 _bDBAD/PUB.
082 _a303.3720954
100 _aSatyanarayana, P
245 _aAmbedkar's quest for inclusive india
_cby P. Satyanarayana
260 _aHyderabad
_bEmesco books
_c2011
270 _a1-2-7, Banoo Colony, Gagan Mahal Road, Domala guda
_bHyderabad
_e500029
_k040-23264028
_lwww.emescobooks.com
300 v _a223p.
_c21cm(Pbk)
942 _2ddc
_cEN
_mSAT
_h303.3720954
999 _c152020
_d152020